Statistics for Biggest Cities in New South Wales on the Map

Click here to take the quiz!

General Stats

  • This quiz has been taken 151 times
  • The average score is 13 of 20

Answers on the Map

Answers color-coded by a green-red scale on the quiz's map according to % correct below.
 

Answer Stats

PopCity% Correct
4.71 mSydney
100%
279 kWollongong
96%
350 kNewcastle
93%
88.7 kAlbury
74%
51.0 kCoffs Harbour
74%
40.9 kOrange
74%
49.7 kWagga Wagga
70%
39.0 kDubbo
69%
37.6 kQueanbeyan
66%
47.7 kPort Macquarie
62%
34.8 kBathurst
61%
60.1 kTweed Heads
61%
35.4 kTamworth
60%
23.9 kGoulburn
57%
27.8 kLismore
55%
95.7 kMaitland
54%
33.5 kNowra-Bomaderry
51%
24.3 kBowral-Mittagong
45%
27.5 kCessnock
36%
23.1 kMorisset-Cooranbong
21%

Score Distribution

Percentile by Number Answered

Percent of People with Each Score

Your Score History

You have not taken this quiz